[Event "Chigorin Memorial 31st"]
[Site "St Petersburg"]
[Date "2024.10.27"]
[Round "2"]
[White "Likhovskikh, Dmitriy"]
[Black "Nikolaev, Nikita S"]
[Result "1-0"]
[WhiteElo "1722"]
[BlackElo "2080"]
[PlyCount "89"]
[EventDate "2024.10.26"]
[EventType "swiss"]
[EventRounds "9"]
[EventCountry "RUS"]
[SourceTitle "CB45_2024"]
[Source "ChessBase"]
[SourceDate "2024.11.06"]
[SourceVersion "1"]
[SourceVersionDate "2024.11.06"]
[SourceQuality "1"]

1. e4 c5 2. Nf3 d6 3. d4 cxd4 4. Nxd4 Nf6 5. Nc3 a6 6. Bc4 Nc6 7. f3 Na5 8. Be2 e5 9. Nb3 Nc6 10. Be3 Be7 11. 0-0 0-0 12. Qd2 Re8 13. Rfd1 h6 14. Rac1 Nb8 15. Na4 Nbd7 16. c4 b6 17. Bf1 Rb8 18. Qf2 Qc7 19. Nc3 Qb7 20. Nd2 Nf8 21. b4 Bd7 22. Nb3 d5 23. cxd5 Bxb4 24. a3 Bd6 25. Rb1 Rec8 26. Na5 Qc7 27. Nc6 Bxc6 28. dxc6 Qxc6 29. Nd5 Nxd5 30. Rxd5 Ne6 31. Bxa6 Rf8 32. Bb5 Qc7 33. Rc1 Bc5 34. Bxc5 bxc5 35. a4 Rfd8 36. Qc2 Qe7 37. Rxe5 Qf6 38. Rd5 Rxd5 39. exd5 Nf4 40. Qxc5 Qg5 41. Rc2 Nxd5 42. g3 Rd8 43. Bc6 Qe5 44. Rc1 Qb2 45. Rd1 1-0

[Event "St Petersburg Korchnoi Memorial op"]
[Site "St Petersburg"]
[Date "2024.08.18"]
[Round "3"]
[White "Likhovskikh, Dmitriy"]
[Black "Sakovich, Luka"]
[Result "1/2-1/2"]
[WhiteElo "1694"]
[BlackElo "1914"]
[PlyCount "70"]
[EventDate "2024.08.17"]
[EventType "swiss"]
[EventRounds "9"]
[EventCountry "RUS"]
[SourceTitle "CBM 221 Extra"]
[Source "ChessBase"]
[SourceDate "2024.09.30"]
[SourceVersion "1"]
[SourceVersionDate "2024.09.30"]
[SourceQuality "1"]

1. e4 e5 2. Nf3 Nc6 3. d4 exd4 4. Nxd4 Bc5 5. Be3 Qf6 6. Nb5 Bxe3 7. fxe3 Qh4+ 8. g3 Qd8 9. Qg4 Kf8 10. Qf4 d6 11. N1c3 a6 12. Nd4 Nf6 13. 0-0-0 Bd7 14. Be2 Ne5 15. Rhf1 Qe7 16. Nf5 Bxf5 17. exf5 h5 18. h3 Re8 19. g4 hxg4 20. hxg4 Rh4 21. Rh1 Rxh1 22. Rxh1 Nc6 23. Nd5 Qe5 24. Nxf6 gxf6 25. Rh8+ Ke7 26. Rxe8+ Kxe8 27. Bf3 Kd7 28. Bxc6+ Kxc6 29. Qxe5 dxe5 30. e4 Kc5 31. c3 b5 32. Kc2 b4 33. Kd3 bxc3 34. Kxc3 Kb5 35. Kb3 Kc5 1/2-1/2